| 000 | 00422nam a2200157Ia 4500 | ||
|---|---|---|---|
| 008 | 230312s9999||||xx |||||||||||||| ||und|| | ||
| 020 | _a9690101188 | ||
| 082 |
_a297.63 _bQAZ |
||
| 100 | _aRaja Muhammad Sharif Qazi | ||
| 245 | 0 | _aMuhammad Peace Be upon Him | |
| 260 |
_bFerozsons (pvt)Ltd. _aLahore _c1994 |
||
| 300 | _a497 | ||
| 546 | _aEng. | ||
| 650 |
_aLiterature _vA Short not on the life of Muhammad (SAW) |
||
| 942 | _cBK | ||
| 999 |
_c48 _d48 |
||